00794nam a2200205Ia 4500001001000000003000500010008004100015010001100056040000900067100003200076245017700108260003400285300001000319502009200329650002700421650002900448650003900477650002200516710005000538Para_9106CHAP220125s2006 xx 000 0 und d a207829 cCHAP aMartínez Sandoval, Lucina aQL AGRI 35 (Quillaja saponaria Mol) una alternativa para el control de Meloidogyne incognita en el cultivo de pepino en Sinaloa, México /c por Lucina Martínez Sandoval aChapingo, Méx. :b el autor a99 h. aTesis M.C. (Esp. en Protección Vegetal) UACh. Departamento Parasitología Agrícola aMeloidogyne incognita  aNematicidas orgánicos  aNemátodos parásitos de plantas aPepino x plagas  aUACh. Departamento Parasitología Agrícola